Ethnographic approaches /
Se explora la metodología etnográfica, cuyo valor reside en el proceso flexible que prioriza los hallazgos empíricos sobre las formulaciones teóricas, y que utiliza procedimientos como la observación participante y las entrevistas abiertas. Se plantea que la etnografía es también una forma de escrit...
Uloženo v:
| Hlavní autor: | |
|---|---|
| Médium: | Text |
| Jazyk: | English |
| Témata: | |
| Tagy: |
Přidat tag
Žádné tagy, Buďte první, kdo vytvoří štítek k tomuto záznamu!
|
MARC
| LEADER | 00000 a a2200000 04500 | ||
|---|---|---|---|
| 001 | 42133 | ||
| 003 | cru CRAI/IIS | ||
| 005 | 20191210151125.0 | ||
| 008 | 191210b2008 uyu||||| |||| 00| 0 eng d | ||
| 999 | |c 24027 |d 24027 | ||
| 020 | |a 978-0-521-70966-8 | ||
| 040 | |c cru CRAI/IIS | ||
| 090 | |a 18.03.01 D357a | ||
| 100 | |a Bray, Zoe | ||
| 245 | |a Ethnographic approaches / |c Zoe Bray | ||
| 300 | |a páginas 296-314 | ||
| 520 | |a Se explora la metodología etnográfica, cuyo valor reside en el proceso flexible que prioriza los hallazgos empíricos sobre las formulaciones teóricas, y que utiliza procedimientos como la observación participante y las entrevistas abiertas. Se plantea que la etnografía es también una forma de escritura y que provee una contribución valiosa tanto para investigadores de tendencia cualitativa como los de cuantitativa. | ||
| 590 | |a DISEMINAR092011/EFU/SETIEMBRE2011 | ||
| 650 | |a ETNOGRAFIA | ||
| 650 | |a METODOS DE INVESTIGACION | ||
| 650 | |a CIENCIAS SOCIALES | ||
| 650 | |a ANTROPOLOGIA | ||
| 650 | |a COMPORTAMIENTO POLITICO | ||
| 650 | |a COMPORTAMIENTO SOCIAL | ||
| 773 | |g páginas 296-315 | ||
| 942 | |2 ddc |c LI | ||
| 773 | 0 | |0 42741 |9 4058 |a Della Porta, Donatella |d Inglaterra : Cambridge University Press |o 13545 |t Approaches and methodologies in the social sciences: |w (cru CRAI/IIS)42032 |z 978-0-521-88322-1 | |



